Rigaveda samhita (Record no. 50449)

MARC details
000 -LEADER
fixed length control field 00338nam a2200145Ia 4500
008 - FIXED-LENGTH DATA ELEMENTS--GENERAL INFORMATION
fixed length control field 230917s9999||||xx |||||||||||||| ||und||
040 ## - CATALOGING SOURCE
-- 153547
Original cataloging agency VIVEKANANDA LIBRARY
041 ## - Language
-- English
082 ## - DDC NUMBER
Classification number 294.12 T326R
100 ## - MAIN ENTRY--PERSONAL NAME
Personal name Thakur, Paritosh
245 #0 - TITLE STATEMENT
Title Rigaveda samhita
260 ## - PUBLICATION, DISTRIBUTION, ETC. (IMPRINT)
Place of publication, distribution, etc Calcutta
Name of publisher, distributor, etc Grah Parkashan
300 ## - PHYSICAL DESCRIPTION
Pages 90 p.
942 ## - ADDED ENTRY ELEMENTS (KOHA)
Koha item type Books
Holdings
Withdrawn status Lost status Damaged status Not for loan Location (home branch) Sublocation or collection (holding branch) Date acquired Koha issues (times borrowed) Koha full call number Accession No. Koha date last seen Koha item type
        VIVEKANANDA LIBRARY VIVEKANANDA LIBRARY 12/04/2010   294.12 T326R 118762 17/09/2023 Books
© Designed and Maintained by Vivekananda Library, MDU Rohtak